000 nam a22 a 4500
999 _c4084
_d4084
003 AKMAL
005 20170525105112.0
008 170525 si 000 eng d
040 _cAKMAL
082 0 4 _a921 SHE
100 1 _aMubin Sheppard,
_cTan Sri Datuk,
_d1905-1994
_94816
245 1 0 _aTaman Budiman :
_bmemoirs of an unorthodox civil servant /
_cTan Sri Dato Mubin Sheppard.
260 _aKuala Lumpur :
_bHeinemann Educational Books,
_c1979
300 0 0 _axii, 278p.; 24p. of plates ;
_c22cm.
500 _aIncludes index.
942 _2ddc
_cBOOK